书目信息 |
| 题名: |
中国传统古筝曲大全
|
|
| 作者: | 李萌 编选 | |
| 分册: | 中 潮州、客家、福建古筝流派 | |
| 出版信息: | 北京 人民音乐出版社 2004 |
|
| 页数: | 433页 | |
| 开本: | 30cm | |
| 丛书名: | ||
| 单 册: | ||
| 中图分类: | J648.32 | |
| 科图分类: | ||
| 主题词: | 筝--器乐曲--中国--选集 , 筝 , 器乐曲 | |
| 电子资源: | ||
| ISBN: | 7-103-02640-8 | |
| 000 | 00896ncm0 2200253 450 | |
| 001 | 002498924 | |
| 005 | 20070806093919.21 | |
| 010 | @a7-103-02640-8@dCNY49.70 | |
| 100 | @a20031110d2004 em y0chiy0110 ea | |
| 101 | 0 | @achi |
| 102 | @aCN@b110000 | |
| 105 | @ag z 000yy | |
| 200 | 1 | @a中国传统古筝曲大全@9zhong guo chuan tong gu zheng qu da quan@h中@i潮州、客家、福建古筝流派@f李萌编选 |
| 210 | @a北京@c人民音乐出版社@d2004 | |
| 215 | @a433页@d30cm | |
| 300 | @a中国出版集团重点图书出版资助项目 | |
| 330 | @a本书收录的乐曲基本是按各流派传人传谱的脉络来安排,同时也辅有一些对于流派和人物的简要介绍,对于同一首乐曲,不同的民间筝人,对旋律的“加花”使音乐具有了特殊的个性魅力。 | |
| 606 | 0 | @a筝@x器乐曲@y中国@j选集 |
| 606 | 0 | @a筝 |
| 606 | 0 | @a器乐曲 |
| 690 | @aJ648.32@v4 | |
| 701 | 0 | @a李萌@9li meng@c(古筝教授)@4编选 |
| 801 | 0 | @aCN@bNLC@c20070806 |
| 905 | @a10447@dJ648.32@e132:2 | |
| 中国传统古筝曲大全.中.潮州、客家、福建古筝流派/李萌编选.-北京:人民音乐出版社,2004 |
| 433页;30cm |
| 中国出版集团重点图书出版资助项目 |
| ISBN 7-103-02640-8:CNY49.70 |
| 本书收录的乐曲基本是按各流派传人传谱的脉络来安排,同时也辅有一些对于流派和人物的简要介绍,对于同一首乐曲,不同的民间筝人,对旋律的“加花”使音乐具有了特殊的个性魅力。 |
| ● |
| 相关链接 |
|
|
|
|
正题名:中国传统古筝曲大全
索取号:J648.32/132:2
 
预约/预借
| 序号 | 登录号 | 条形码 | 馆藏地/架位号 | 状态 | 备注 |
| 1 | 0807045 | 208070451 | 第一样本阅览室/ [索取号:J648.32/132:2] | 在馆 | |
| 2 | 0807046 | 208070460 | 第一借阅区/ [索取号:J648.32/132:2] | 在馆 | |
| 3 | 0807047 | 208070479 | 第一借阅区/ [索取号:J648.32/132:2] | 在馆 | |
| 4 | 0807048 | 208070488 | 第一借阅区/ [索取号:J648.32/132:2] | 在馆 | |
| 5 | 0807049 | 208070497 | 密集书库-音乐系/ [索取号:J648.32/132:2] | 在馆 |